Focus (Record no. 77302)

MARC details
000 -LEADER
fixed length control field 00960cab a2200229 4500
001 - CONTROL NUMBER
control field ##L133979
008 - FIXED-LENGTH DATA ELEMENTS--GENERAL INFORMATION
fixed length control field 060627n2006 000 0 eng u
035 ## - SYSTEM CONTROL NUMBER
System control number (Sirsi) u133979
041 0# - LANGUAGE CODE
Language code of text/sound track or separate title eng
100 1# - MAIN ENTRY--PERSONAL NAME
Personal name Pilkington, Lisa
245 00 - TITLE STATEMENT
Title Focus
Remainder of title Birmingham
260 ## - PUBLICATION, DISTRIBUTION, ETC.
Date of publication, distribution, etc. 2006
490 #0 - SERIES STATEMENT
Series statement Estates Gazette
Volume/sequential designation (0625) 24 June 2006, 163-199(15)
520 ## - SUMMARY, ETC.
Summary, etc. Reports on plans, backed by the council, to build more high-rise buildings; an interview with the local authority's new chief executive on raising the city's international profile; a central retail and leisure development scheme, Martineau Galleries, proposed for 2011; the trend for refurbishment of office space; and the strong industrial and distribution market.
590 ## - LOCAL NOTE (RLIN)
Local note IKA040706
651 #4 - SUBJECT ADDED ENTRY--GEOGRAPHIC NAME
Geographic name BIRMINGHAM
690 ## - LOCAL SUBJECT ADDED ENTRY--TOPICAL TERM (OCLC, RLIN)
Topical term or geographic name as entry element PROPERTY-COMMERCIAL PROPERTY-COMMERCIAL PROPERTY MARKET
700 1# - ADDED ENTRY--PERSONAL NAME
Personal name Elghamry, Nadia
700 1# - ADDED ENTRY--PERSONAL NAME
Personal name Halstead, Ian
700 1# - ADDED ENTRY--PERSONAL NAME
Personal name Greenshields, Claire
942 ## - ADDED ENTRY ELEMENTS (KOHA)
Suppress in OPAC 0
Holdings
Withdrawn status Lost status Source of classification or shelving scheme Damaged status Not for loan Home library Current library Shelving location Date acquired Total Checkouts Full call number Barcode Date last seen Copy number Price effective from Koha item type
    Dewey Decimal Classification     London London Journal article 27/06/2006   L133979 133979-1001 06/08/2019 1 06/08/2019 Journal article